ბათუმის შოთა რუსთაველის სახელმწიფო უნივერსიტეტის ბიბლიოთეკა

ზოგადი ფიზიკის კურსის ამოცანათა კრებული : (ელექტრობა და მაგნიტიზმი) (ბიბ.ჩანაწერი № 38456)

000 -ლიდერი
ფიქსირებული სიგრძის საკონტროლო ველი 01153nam a2200241Ia 4500
001 - საკონტროლო ნომერი
საკონტროლო ველი 4468
003 - საკონტროლო ნომრის იდენტიფიკატორი
საკონტროლო ველი GE_BSU
005 - ბოლო ოპერაციის თარიღი და დრო
საკონტროლო ველი 20190517194329.0
008 - ფიქსირებული სიგრძის მონაცემთა ელემენტები - ზოგადი ინფორმაცია
ფიქსირებული სიგრძის საკონტროლო ველი 181216s1974|||| |||||||||||||| ||geo||
040 ## - კატალოგიზაციის წყარო
Transcribing agency GE_BSU
041 ## - ენის კოდი
Language code of text/sound track or separate title geo
080 ## - უნივერსალური ათობითი კლასიფიკაციის ინდექსი
Universal Decimal Classification number 53(076)+535(042.4) ღ–80
100 ## - მთავარი ჩანაწერი - პიროვნების სახელი
Personal name ღონღაძე,დ.
9 (RLIN) 1359
245 ## - ცნობა სათაურის შესახებ
Title ზოგადი ფიზიკის კურსის ამოცანათა კრებული : (ელექტრობა და მაგნიტიზმი)
Remainder of title დამხმ. სახელმძღვ. / დ. ღონღაძე ; ნ. სანიძე ; თ. ჭანიშვილი ; რედ : მ. ძიძიგური
264 ## - წარმოების, გამოცემის, დისტრიბუციის და სხვა ცნობები
გამოცემის, წარმოების, დისტრიბუციის... ადგილი თბილისი :
გამოცემის, წარმოების, დისტრიბუციის... სახელწოდება სპი,
გამოცემის, წარმოების, დისტრიბუციის... თარიღი 1974.
300 ## - ფიზიკური აღწერა
Extent 283 გვ .:
Dimensions 20 სმ.
653 ## - INDEX TERM--UNCONTROLLED
Uncontrolled term ზოგადი ფიზიკა. ელექტრობა და მაგნეტიზმი
653 ## - INDEX TERM--UNCONTROLLED
Uncontrolled term ფიზიკა
700 ## - ADDED ENTRY--PERSONAL NAME
Personal name სანიძე, ნ
9 (RLIN) 1360
700 ## - ADDED ENTRY--PERSONAL NAME
Personal name ჭანიშვილი, თ
9 (RLIN) 1361
700 ## - ADDED ENTRY--PERSONAL NAME
Personal name ძიძიგური, მ
Relator term რედაქტორი
9 (RLIN) 472
942 ## - ADDED ENTRY ELEMENTS (KOHA)
Koha item type წიგნი
Source of classification or shelving scheme
ეგზემპლარები
ჩამოწერის სტატუსი დაკარგული ეგზემპლარის სტატუსი კლასიფიკაციის წყარო ან თაროზე გაწყობის სქემა დაზიანების სტატუსი არ გაიცემა მუდმივი მდებარეობა (დაცვის ადგილი) ამჟამინდელი ადგილსამყოფელი თაროზე განთავსების ადგილი შეძენის თარიღი ღირებულება, შესყიდვის ნორმალური ფასი სრული შენახვის შიფრი შტრიხკოდი ბოლო ოპერაციის თარიღი ეგზემპლარის მიმდევრობითი ნომერი (კეტერი?) ფასის ძალაში შესვლის თარიღი ეგზემპლარის სახეობა საჯარო შენიშვნა
          ტექნოლოგიური ფაკულტეტის ბიბლიოთეკა ტექნოლოგიური ფაკულტეტის ბიბლიოთეკა წიგნსაცავი 2018-12-17 1.00 53(076)+535(042.4) ღ–80 8734 2018-12-17 8734 2018-12-17 წიგნი 1 ლ. 30 თ.
          ტექნოლოგიური ფაკულტეტის ბიბლიოთეკა ტექნოლოგიური ფაკულტეტის ბიბლიოთეკა წიგნსაცავი 2018-12-17 1.00 53(076)+535(042.4) ღ–80 8735 2018-12-17 8735 2018-12-17 წიგნი 1 ლ. 30 თ.